header

Fedora 7 & Red Hat Enterprise Linux : (Record no. 250818)

MARC details
000 -LEADER
fixed length control field 01336cam a22003254a 4500
001 - CONTROL NUMBER
control field 15066454
003 - CONTROL NUMBER IDENTIFIER
control field OSt
005 - DATE AND TIME OF LATEST TRANSACTION
control field 20151016163403.0
008 - FIXED-LENGTH DATA ELEMENTS--GENERAL INFORMATION
fixed length control field 071101s2007 nyua 001 0 eng
010 ## - LIBRARY OF CONGRESS CONTROL NUMBER
LC control number 2007279217
020 ## - INTERNATIONAL STANDARD BOOK NUMBER
International Standard Book Number 9780071486422 (pbk.)
International Standard Book Number 0071486429 (pbk.)
040 ## - CATALOGING SOURCE
Original cataloging agency DLC
Transcribing agency DLC
Modifying agency DLC
050 00 - LIBRARY OF CONGRESS CALL NUMBER
Classification number QA76.76.O63
Item number P5224 2007
082 00 - DEWEY DECIMAL CLASSIFICATION NUMBER
Classification number 005.4/32
Edition number 22
100 1# - MAIN ENTRY--PERSONAL NAME
Personal name Petersen, Richard,
Dates associated with a name 1949-
245 10 - TITLE STATEMENT
Title Fedora 7 & Red Hat Enterprise Linux :
Remainder of title the complete reference /
Statement of responsibility, etc Richard Petersen.
260 ## - PUBLICATION, DISTRIBUTION, ETC. (IMPRINT)
Place of publication, distribution, etc New York :
Name of publisher, distributor, etc McGraw-Hill,
Date of publication, distribution, etc c2007.
300 ## - PHYSICAL DESCRIPTION
Extent xxxv, 972 p. :
Other physical details ill. ;
Dimensions 24 cm.
500 ## - GENERAL NOTE
General note "Covers Fedora spins"--Spine
General note "Detailed IPv6 support"--Cover.
630 00 - SUBJECT ADDED ENTRY--UNIFORM TITLE
Uniform title Linux.
650 #0 - SUBJECT ADDED ENTRY--TOPICAL TERM
Topical term or geographic name as entry element Operating systems (Computers)
856 42 - ELECTRONIC LOCATION AND ACCESS
Materials specified Contributor biographical information
Uniform Resource Identifier <a href="http://www.loc.gov/catdir/enhancements/fy0810/2007279217-b.html">http://www.loc.gov/catdir/enhancements/fy0810/2007279217-b.html</a>
Materials specified Publisher description
Uniform Resource Identifier <a href="http://www.loc.gov/catdir/enhancements/fy0810/2007279217-d.html">http://www.loc.gov/catdir/enhancements/fy0810/2007279217-d.html</a>
Materials specified Table of contents only
Uniform Resource Identifier <a href="http://www.loc.gov/catdir/enhancements/fy0810/2007279217-t.html">http://www.loc.gov/catdir/enhancements/fy0810/2007279217-t.html</a>
906 ## - LOCAL DATA ELEMENT F, LDF (RLIN)
a 7
b cbc
c origres
d 2
e ncip
f 20
g y-gencatlg
942 ## - ADDED ENTRY ELEMENTS (KOHA)
Source of classification or shelving scheme Library of Congress Classification
Koha item type Long Loan Books
Holdings
Withdrawn status Lost status Source of classification or shelving scheme Damaged status Not for loan Collection code Home library Current library Shelving location Date acquired Total Checkouts Full call number Barcode Date last seen Price effective from Koha item type
    Library of Congress Classification     Non-fiction Rongo University Library Rongo University Library General Stacks 16/10/2015   QA76.76.O63 P5224 2007 20087612 16/10/2015 16/10/2015 Long Loan Books

© 2026 Rongo University
Contact us: librarian | system librarian | Rongo university